000 00979nam a2200277 i 4500
001 bg
100 1 _aPUSZKAR, Tadeusz
245 1 0 _aEkologia dla inżynierów :
_bwybrane zagadnienia /
_cTadeusz Puszkar, Lucyna Puszkar, Artur Pawłowski ; Politechnika Lubelska.
260 _aLublin :
_bWydawnictwa Uczelniane PL,
_c1999.
300 _a248 s. :
_brys., wykr. ;
_c24 cm.
504 _aBibliogr. s. 177-183 i przy rozdz.
521 _aPrzewodnik dla studentów Wydz. Budownictwa i Inżynierii Sanitarnej PL - studia stacjonarne i zaoczne.
650 9 _aEkologia
_xzagadnienia
650 9 _aŚrodowisko człowieka
_xhigiena i ochrona
_xzagadnienia
655 _aPodręczniki akademickie
700 1 _aPUSZKAR, Lucyna
700 1 _aPAWŁOWSKI, Artur
710 0 _aPolitechnika Lubelska
020 _a838727044X
040 _cBPK
041 0 _apl
080 _a574:504](075.8)
920 _a83-87270-44-X
942 _cKS
008 s pl f |000 0 pol
999 _c38456
_d38456
856 _uhttp://koha.tu.koszalin.pl/cgi-bin/koha/opac-detail.pl?biblionumber=38456
_yKatalog online BPK